Visioni urbane contemporanee : cantieri d'arte /

Guardat en:
Dades bibliogràfiques
Autor corporatiu: Associazione Universitaria Spatrimonio, Cantieri d'arte
Altres autors: Zecchi, Claudio, Trulli, Marco, Benucci, Michele
Format: Actes de congresos Llibre
Idioma:italià
Publicat: Roma : Gangemi, stampa 2009
Etiquetes: Afegir etiqueta
Sense etiquetes, Sigues el primer a etiquetar aquest registre!

MARC

LEADER 00000nam a22000007i 4500
001 IT\ICCU\VEA\1011719
003 ItRI
005 20251118165452.0
008 100317s2009 it |||||| ||||| |||||c
020 |a 9788849217445 
040 |b ita  |c Arcigay Viterbo 
041 7 |a ita  |2 ISO-639-2 
245 0 0 |a Visioni urbane contemporanee :  |b cantieri d'arte /  |c a cura di Michele Benucci, Marco Trulli, Claudio Zecchi. 
260 |a Roma :  |b Gangemi,  |c stampa 2009 
300 |a 95 p. :  |b ill. ;  |c 24 cm 
500 |a Catalogo 
500 |a Pubbl. nell'ambito delle manifestazioni tenute in occasione della 4. ed. del Progetto Cantieri d'arte nel 2008. 
700 1 |a Zecchi, Claudio  |0 IT\ICCU\RMRV\012761 
700 1 |a Trulli, Marco  |0 IT\ICCU\SIPV\118793 
700 1 |a Benucci, Michele  |0 IT\ICCU\UM1V\017342 
710 2 |a Associazione Universitaria Spatrimonio  |0 IT\ICCU\RMRV\163872 
711 2 |a Cantieri d'arte  |0 IT\ICCU\RMLV\082941 
942 |2 ddc  |c BK  |n 0 
952 |0 0  |1 0  |2 ddc  |4 0  |6 711_409000000000000_BEN_VIS  |7 0  |9 9926  |a VT  |b VT  |d 2025-11-18  |e Donazione Arci Viterbo  |i B464  |l 0  |o 711.409 BEN VIS  |p B464  |r 2025-11-18 16:57:08  |w 2025-11-18  |y BK  |z Donazione Arci Viterbo 
952 |0 0  |1 0  |2 ddc  |4 0  |6 711_409000000000000_BEN_VIS_B  |7 0  |9 33322  |a VT  |b VT  |d 2026-03-31  |e Dono di Luca Bonomi  |i B612  |l 0  |o 711.409 BEN VIS b  |p B612  |r 2026-03-31 19:27:17  |w 2026-03-31  |y BK  |z Dono di Luca Bonomi 
981 1 |6 z01  |a i   |b xxxe  
982 1 |6 z01  |a n 
999 |c 8276  |d 8276